000 00563nam a22002177a 4500
003 UA-OsUOA
001 121276
007 ta
008 20170320b un ||||| |||| 00| 0 ukr d
100 _aГулик І.
090 _a07
_bГ94
942 _cSA
040 _aUA-OsUOA
_bukr
_cUA-OsUOA
_dUA-OsUOA
245 _aНОва якість і "Українська журналістська платформа"
300 _aС.28
955 _a0
041 _aukr
080 _a07
773 0 _w121273
650 7 _a0 Загальний відділ.
_2UDC
999 _c407270
_d407270